El origen de la marimba /
Obra que aborda el origen y desarrollo de la marimba, instrumento musical de percusión originario de la zona Sur de México, en particular Chiapas.
Gorde:
| Egile nagusia: | |
|---|---|
| Formatua: | Liburua |
| Hizkuntza: | gaztelania |
| Gaiak: | |
| Etiketak: |
Etiketarik gabe, Izan zaitez lehena erregistro honi etiketa jartzen!
|
MARC
| LEADER | 00000nam^a2200000^a^4500 | ||
|---|---|---|---|
| 001 | 000158602 | ||
| 005 | 20250521000000.0 | ||
| 009 | 20260310100620.516 | ||
| 037 | |a Acervo ITESO - Biblioteca | ||
| 041 | |a ESP | ||
| 082 | |a 789. 221 |b HER | ||
| 100 | |a Hernández C., Amador |e (autor) | ||
| 245 | 1 | 3 | |a El origen de la marimba / |c A. Hernández C. ; il. de Mario Alberto Hernández Ramírez. |
| 264 | |a México : |b edición de autor, |c 1975 | ||
| 300 | |a 109 p. | ||
| 336 | |a texto |b txt |2 rdacontenido | ||
| 337 | |a sin mediación |b n |2 rdamedio | ||
| 338 | |a volumen |b nc |2 rdasoporte | ||
| 520 | |a Obra que aborda el origen y desarrollo de la marimba, instrumento musical de percusión originario de la zona Sur de México, en particular Chiapas. | ||
| 649 | |a XX | ||
| 650 | |a Marimba - |z Chiapas - |x Historia | ||
| 650 | |a Marimba - |z México - |x Historia | ||
| 650 | |a Vibráfono - |x Historia | ||
| 650 | |a Instrumentos de Percusión - |z Chiapas - |x Historia | ||
| 650 | |a Instrumentos de Percusión - |z México - |x Historia | ||
| 650 | |a Instrumentos Musicales - |z Chiapas - |x Historia | ||
| 650 | |a Instrumentos Musicales - |z México - |x Historia | ||
| 650 | |a Música Indígena - |z Chiapas - |x Historia y Crítica | ||
| 650 | |a Música Indígena - |z México - |x Historia y Crítica | ||
| 650 | |a Música Prehispánica - |z Chiapas - |x Historia y Crítica | ||
| 650 | |a Música Prehispánica - |z México - |x Historia y Crítica | ||
| 650 | |a Música Folklórica - |z México - |x Historia y Crítica | ||
| 650 | |a Música Popular - |z Chiapas - |x Historia y Crítica | ||
| 650 | |a Música Popular - |z México - |x Historia y Crítica | ||
| 650 | |a Música Mexicana - |x Historia y Crítica | ||
| 650 | |a Prácticas Culturales - |z Chiapas | ||
| 650 | |a Prácticas Culturales - |z México | ||
| 650 | |a Chiapas - |x Historia | ||
| 650 | |a México - |x Historia | ||
| 910 | |a Fondo Salvador Reynoso Reynoso | ||
| 920 | |a Impresos - Libros | ||
| 930 | |a Fondos Especiales | ||
| 905 | |a 112 | ||
| 901 | |a 0500090188 |b IT2 |c ESP |u 20250521 | ||
| 902 | |a https://opac.biblio.iteso.mx/vufind/Record/000158602 | ||